Statistics for Paulo Coelho Bibliography

Click here to take the quiz!

General Stats

  • This quiz has been taken 6 times
    (4 since last reset)
  • The average score is 3 of 33

Answer Stats

TypeYearName% Correct
Novel1988The Alchemist
100%
Novella1987The Pilgrimage
50%
Novel2014Adultery
25%
Novel1990Brida
25%
Novel1994By the River Piedra I Sat Down and Wept
25%
Non-Fiction Book2009Love: Selected Quotations
25%
Novel1992The Valkyries
25%
Novel2008The Winner Stands Alone
25%
Novel2010Aleph
0%
Novel2003Eleven Minutes
0%
Non-Fiction Book1998Essential Words
0%
Children's Book2011Fables: The Stories of Aesop and La Fontaine for Our Time
0%
Children's Book2001Fathers, Sons and Grandsons
0%
Novella1982Hell Archives
0%
Novel2018Hippie
0%
Non-Fiction Book2004Journeys
0%
Non-Fiction Book2004Life: Selected Quotations
0%
Novel2006Like the Flowing River
0%
Novel1997Love Letters from a Prophet
0%
Novel1994Maktub
0%
Novel1997Manual of the Warrior of Light
0%
Novel2012Manuscript Found in Accra
0%
Non-Fiction Book2005Revived Paths
0%
Novel2020The Archer
0%
Novella1974Theater for Education
0%
Novel2000The Devil and Miss Prym
0%
Novel1996The Fifth Mountain
0%
Children's Book2004The Genie and the Roses
0%
Novel2016The Spy
0%
Novelette1991The Supreme Gift
0%
Novel2006The Witch of Portobello
0%
Novel2005The Zahir
0%
Novel1998Veronika Decides to Die
0%

Score Distribution

Percentile by Number Answered

Percent of People with Each Score

Your Score History

You have not taken this quiz since the last reset